History Quiz

Random History or Nintendo Quiz

Their Finest Hour Quiz Stats

 Plays Quiz not verified by Sporcle

Challenge
Share
Tweet
Embed
Score 0/181 Timer 11:00
0 Plays Today
% Correct
the
97.9%
the
97.9%
the
97.9%
the
97.9%
and
97.9%
the
97.9%
and
97.9%
The
97.9%
and
97.9%
the
97.9%
the
97.9%
and
97.9%
the
97.9%
the
97.9%
the
97.9%
the
97.9%
and
97.9%
the
97.9%
a
97.9%
and
97.9%
the
97.9%
and
97.9%
the
97.9%
and
97.9%
a
97.9%
hour.'
94.8%
finest
93.8%
this
88.5%
this
88.5%
'This
88.5%
their
87.5%
be
84.4%
be
84.4%
will
83.3%
will
83.3%
will
83.3%
was
83.3%
I
77.1%
we
76%
we
76%
we
76%
is
74%
is
74%
say,
71.9%
our
70.8%
our
70.8%
our
70.8%
for,
70.8%
our
70.8%
for
70.8%
of
68.8%
of
68.8%
to
68.8%
of
68.8%
of
68.8%
of
68.8%
to
68.8%
to
68.8%
to
68.8%
of
68.8%
of
68.8%
% Correct
of
68.8%
to
68.8%
in
67.7%
Britain
66.7%
If
66.7%
if
66.7%
if
66.7%
British
63.5%
Empire.
63.5%
he
63.5%
British
63.5%
Empire
63.5%
that
62.5%
that
62.5%
that,
62.5%
it
61.5%
years,
61.5%
men
61.5%
thousand
60.4%
battle
59.4%
Battle
59.4%
battle
59.4%
over
58.3%
war.
57.3%
all
56.3%
all
56.3%
so
56.3%
about
55.2%
us.
55.2%
us
55.2%
us
55.2%
last
55.2%
France
54.2%
begin.
54.2%
have
52.1%
Hitler
51%
can
51%
world
51%
world,
51%
its
51%
still
50%
What
49%
then
49%
up
47.9%
has
46.9%
or
46.9%
Island
46.9%
free
46.9%
Commonwealth
45.8%
United
44.8%
knows
43.8%
may
43.8%
may
43.8%
But
43.8%
General
42.7%
lose
42.7%
might
41.7%
Europe
41.7%
by
41.7%
into
40.6%
into
40.6%
% Correct
Let
40.6%
Dark
39.6%
more
39.6%
more
39.6%
enemy
38.5%
stand
38.5%
life,
37.5%
break
37.5%
life
37.5%
made
37.5%
him,
36.5%
Age
36.5%
Upon
35.4%
survival
35.4%
Upon
35.4%
whole
35.4%
whole
35.4%
new
35.4%
perverted
35.4%
science.
35.4%
ourselves
35.4%
ourselves
35.4%
called
34.4%
expect
34.4%
depends
34.4%
Christian
34.4%
depends
34.4%
civilization.
33.3%
own
33.3%
must
33.3%
sinister,
33.3%
very
32.3%
soon
31.3%
turned
31.3%
Weygand
30.2%
institutions
30.2%
abyss
30.2%
long
29.2%
known
29.2%
sink
29.2%
brace
29.2%
cared
28.1%
move
27.1%
sunlit
27.1%
including
27.1%
including
27.1%
therefore
27.1%
duties,
27.1%
continuity
26%
fury
25%
protracted,
25%
bear
25%
forward
24%
broad,
24%
perhaps
24%
lights
24%
States,states
20.8%
uplands.
18.8%
fail,fail
14.6%

You're not logged in!

Compare scores with friends on all Sporcle quizzes.
Join for Free
OR
Log In

You Might Also Like...

Show Comments

Extras

Top Quizzes Today


Score Distribution

Your Account Isn't Verified!

In order to create a playlist on Sporcle, you need to verify the email address you used during registration. Go to your Sporcle Settings to finish the process.

Report this User

Report this user for behavior that violates our Community Guidelines.

Details: